[Event "AUT_2BO_200607"]
[Site "6 810Zwettl,4 511Bruck/L,2"]
[Date "2007.01.20"]
[Round "6"]
[Board "3"]
[White "Weissenbeck, Manuel"]
[Black "Vajda, Szidonia"]
[Result "1/2-1/2"]
[WhiteElo "2247"]
[BlackElo "2401"]
[PlyCount "65"]
[EventDate "2006.10.06"]
[EventType "team"]
[EventRounds "11"]
[EventCountry "AUT"]
[WhiteTeam "SPG Data Technology Eichgraben/Pressbaum"]
[BlackTeam "ASVOe SK Lackenbach"]

1.d4 d5 2.c4 e6 3.Nc3 c5 4.cxd5 exd5 5.Nf3 Nc6 6.g3 Nf6 7.Bg2 Be7 8.O-O O-O
9.dxc5 Bxc5 10.Bg5 d4 11.Bxf6 Qxf6 12.Ne4 Qe7 13.Nxc5 Qxc5 14.Rc1 Qb6 15.Qb3
Qxb3 16.axb3 Re8 17.b4 a6 18.Rfd1 d3 19.Rxd3 Nxb4 20.Rd6 Nc6 21.e3 Bf5 22.Nd4
Nxd4 23.exd4 Rac8 24.Rxc8 Bxc8 25.f4 Kf8 26.Kf2 Ke7 27.Rd5 f6 28.Rc5 Kd6 29.b4
g6 30.Bf3 Bd7 31.Bxb7 Rb8 32.Bxa6 Rxb4 33.Bd3

[Event "AUT_2BO_200607"]
[Site "6 810Zwettl,4 511Bruck/L,2"]
[Date "2007.01.20"]
[Round "6"]
[Board "4"]
[White "Krpelan, Wolfgang"]
[Black "Pichler, Michael"]
[Result "1-0"]
[WhiteElo "2265"]
[BlackElo "2192"]
[PlyCount "43"]
[EventDate "2006.10.06"]
[EventType "team"]
[EventRounds "11"]
[EventCountry "AUT"]
[WhiteTeam "ASVOe SK Lackenbach"]
[BlackTeam "SPG Data Technology Eichgraben/Pressbaum"]

1.e4 e6 2.d4 d5 3.Nd2 dxe4 4.Nxe4 Bd7 5.Nf3 Bc6 6.Bd3 Nd7 7.O-O Ngf6 8.Ng3 Be7
9.b3 O-O 10.Bb2 Bxf3 11.Qxf3 c6 12.c4 Re8 13.Rfe1 Nf8 14.h4 Qc7 15.Rac1 Ng6
16.Bxg6 hxg6 17.d5 exd5 18.cxd5 Qa5 19.dxc6 bxc6 20.Qxc6 Ba3 21.Ne4 Kh8 22.Bxa3

[Event "AUT_2BO_200607"]
[Site "6 810Zwettl,4 511Bruck/L,2"]
[Date "2007.01.20"]
[Round "6"]
[Board "5"]
[White "Kopinits, Anna Christina"]
[Black "Stranz, Richard"]
[Result "1/2-1/2"]
[WhiteElo "2153"]
[BlackElo "2217"]
[PlyCount "23"]
[EventDate "2006.10.06"]
[EventType "team"]
[EventRounds "11"]
[EventCountry "AUT"]
[WhiteTeam "SPG Data Technology Eichgraben/Pressbaum"]
[BlackTeam "ASVOe SK Lackenbach"]

1.e4 c5 2.Nf3 Nc6 3.Nc3 e5 4.Bb5 d6 5.h3 Nf6 6.d3 Be7 7.O-O O-O 8.Bxc6 bxc6 9.b3
Kh8 10.Qe2 Ng8 11.Nh2 Bg5 12.f4

[Event "AUT_2BO_200607"]
[Site "6 810Zwettl,4 511Bruck/L,2"]
[Date "2007.01.20"]
[Round "6"]
[Board "6"]
[White "Galavics, Hermann"]
[Black "Mayr, Thomas"]
[Result "1/2-1/2"]
[WhiteElo "2098"]
[BlackElo "2130"]
[PlyCount "80"]
[EventDate "2006.10.06"]
[EventType "team"]
[EventRounds "11"]
[EventCountry "AUT"]
[WhiteTeam "ASVOe SK Lackenbach"]
[BlackTeam "SPG Data Technology Eichgraben/Pressbaum"]

1.d4 Nf6 2.c4 e6 3.Nf3 b6 4.g3 Ba6 5.b3 Bb4+ 6.Bd2 Be7 7.Bg2 c6 8.Ne5 d5 9.Bc3
Nfd7 10.Nxd7 Nxd7 11.Nd2 O-O 12.Bb2 Rb8 13.O-O b5 14.cxb5 cxb5 15.a3 Bb7 16.e4
dxe4 17.Nxe4 Nf6 18.Qe2 Bd5 19.Nd2 Bxg2 20.Kxg2 Qd5+ 21.Qf3 a5 22.Rfc1 Rfc8
23.Qxd5 Nxd5 24.Ne4 h6 25.Rxc8+ Rxc8 26.Rc1 Rxc1 27.Bxc1 Kf8 28.Kf3 Ke8 29.a4
bxa4 30.bxa4 Bb4 31.Bb2 Kd7 32.Ke2 Kc6 33.Kd3 Nb6 34.Nc3 f5 35.f3 g6 36.Ba1 g5
37.Bb2 h5 38.h3 Bxc3 39.Bxc3 Nxa4 40.Bxa5 Kd5

[Event "AUT_2BO_200607"]
[Site "6 810Zwettl,4 511Bruck/L,2"]
[Date "2007.01.20"]
[Round "6"]
[Board "1"]
[White "Schlosser, Michael"]
[Black "Rudolf, Herbert"]
[Result "1-0"]
[WhiteElo "2335"]
[BlackElo "2216"]
[PlyCount "94"]
[EventDate "2006.10.06"]
[EventType "team"]
[EventRounds "11"]
[EventCountry "AUT"]
[WhiteTeam "Aljechin/Wieden"]
[BlackTeam "ASVOe Wulkaprodersdorf"]

1.e4 c5 2.Nf3 Nc6 3.d4 cxd4 4.Nxd4 g6 5.c4 Nf6 6.Nc3 d6 7.h3 Nxd4 8.Qxd4 Bg7
9.Be3 O-O 10.Qd2 a6 11.a4 Be6 12.Rc1 Qa5 13.Bd3 Rfc8 14.Nd5 Qxd2+ 15.Kxd2 Nxd5
16.exd5 Bd7 17.a5 e6 18.dxe6 Bxe6 19.b4 d5 20.c5 d4 21.Bf4 Bd5 22.f3 Re8 23.Rhe1
Bf6 24.Rxe8+ Rxe8 25.Bc4 Bc6 26.Re1 Rxe1 27.Kxe1 g5 28.Bd6 h5 29.Bd3 Kg7 30.Be4
Bxe4 31.fxe4 Bd8 32.Ke2 Kf6 33.Kd3 g4 34.hxg4 hxg4 35.Kxd4 Ke6 36.Kc4 Bg5 37.e5
Bd8 38.Bb8 f6 39.c6 bxc6 40.exf6 Bxf6 41.Kc5 Kd7 42.Kb6 Bc3 43.Kxa6 Bxb4 44.Kb6
Kc8 45.Bf4 Be1 46.a6 Bf2+ 47.Kxc6 Bd4

[Event "AUT_2BO_200607"]
[Site "6 810Zwettl,4 511Bruck/L,2"]
[Date "2007.01.20"]
[Round "6"]
[Board "2"]
[White "Kremsner, Andreas"]
[Black "Pachta, Paul"]
[Result "1/2-1/2"]
[WhiteElo "2214"]
[BlackElo "2300"]
[PlyCount "38"]
[EventDate "2006.10.06"]
[EventType "team"]
[EventRounds "11"]
[EventCountry "AUT"]
[WhiteTeam "ASVOe Wulkaprodersdorf"]
[BlackTeam "Aljechin/Wieden"]

1.d4 Nf6 2.Nf3 e6 3.g3 b6 4.Bg2 Bb7 5.O-O Be7 6.c4 O-O 7.Nc3 Ne4 8.Bd2 f5 9.d5
Bf6 10.Rc1 Na6 11.Qc2 Nd6 12.Bf4 Nxc4 13.dxe6 dxe6 14.Qb3 Nd6 15.Qxe6+ Kh8
16.Bxd6 cxd6 17.Rfd1 Nc5 18.Qxd6 Qe8 19.Qf4 Ne4

[Event "AUT_2BO_200607"]
[Site "6 810Zwettl,4 511Bruck/L,2"]
[Date "2007.01.20"]
[Round "6"]
[Board "4"]
[White "Pallitsch, Clemens"]
[Black "Wirius, Stefan"]
[Result "1-0"]
[WhiteElo "1983"]
[BlackElo "2284"]
[PlyCount "67"]
[EventDate "2006.10.06"]
[EventType "team"]
[EventRounds "11"]
[EventCountry "AUT"]
[WhiteTeam "ASVOe Wulkaprodersdorf"]
[BlackTeam "Aljechin/Wieden"]

1.d4 Nf6 2.c4 c5 3.d5 e5 4.Nc3 d6 5.e4 g6 6.Bd3 Bg7 7.Nge2 O-O 8.O-O Nbd7 9.a3
Kh8 10.b4 Ng8 11.Be3 Bh6 12.Bxh6 Nxh6 13.Qd2 Kg7 14.Rae1 Qe7 15.f4 exf4 16.Nxf4
b6 17.Nb5 Ne5 18.Re3 Bd7 19.Rg3 Nhg4 20.Nc3 h5 21.h3 Nf6 22.Qf2 Rh8 23.Be2 h4
24.Re3 Be8 25.Nd3 Nxc4 26.e5 dxe5 27.Rf3 Nd2 28.d6 Qd8 29.Rxf6 Nxf1 30.Nd5 Ng3
31.Nxe5 Nxe2+ 32.Qxe2 Rh5 33.d7 Rxe5 34.Qxe5

[Event "AUT_2BO_200607"]
[Site "6 810Zwettl,4 511Bruck/L,2"]
[Date "2007.01.20"]
[Round "6"]
[Board "5"]
[White "Vitouch, Anatol"]
[Black "Heiny, Michael"]
[Result "1/2-1/2"]
[WhiteElo "2208"]
[BlackElo "1894"]
[PlyCount "85"]
[EventDate "2006.10.06"]
[EventType "team"]
[EventRounds "11"]
[EventCountry "AUT"]
[WhiteTeam "Aljechin/Wieden"]
[BlackTeam "ASVOe Wulkaprodersdorf"]

1.Nf3 Nf6 2.c4 g6 3.d4 Bg7 4.g3 O-O 5.Bg2 d6 6.O-O c5 7.Nc3 Nc6 8.d5 Na5 9.Nd2
a6 10.Qc2 Rb8 11.b3 b5 12.Bb2 e6 13.dxe6 Bxe6 14.cxb5 axb5 15.Nce4 Bf5 16.Nxf6+
Bxf6 17.Ne4 Bxe4 18.Bxe4 Bxb2 19.Qxb2 Qc7 20.Rac1 Nc6 21.Rfd1 Rfd8 22.h4 Ne7
23.Bd5 Nxd5 24.Rxd5 Qe7 25.Rcd1 Rb6 26.h5 gxh5 27.b4 Re8 28.e3 h4 29.g4 h3
30.Rh5 f6 31.Rxh3 Qg7 32.Qd2 Kh8 33.Rg3 Ra6 34.bxc5 dxc5 35.Qd5 Rc8 36.Rd2 b4
37.Qf5 Rac6 38.g5 fxg5 39.Rxg5 Qxg5+ 40.Qxg5 Rg6 41.Qxg6 hxg6 42.Kf1 c4 43.Ke2

[Event "AUT_2BO_200607"]
[Site "6 810Zwettl,4 511Bruck/L,2"]
[Date "2007.01.20"]
[Round "6"]
[Board "1"]
[White "Hangweyrer, Manfred"]
[Black "Beim, Valeri"]
[Result "1/2-1/2"]
[WhiteElo "2389"]
[BlackElo "2514"]
[PlyCount "29"]
[EventDate "2006.10.06"]
[EventType "team"]
[EventRounds "11"]
[EventCountry "AUT"]
[WhiteTeam "Austria Wien"]
[BlackTeam "SV Tschaturanga Neubau"]

1.e4 c5 2.Nf3 e6 3.c3 Nf6 4.e5 Nd5 5.Bc4 Nb6 6.Bb3 Nc6 7.d4 cxd4 8.cxd4 d6
9.exd6 Qxd6 10.Nc3 Be7 11.O-O O-O 12.Nb5 Qd7 13.Bf4 a6 14.Nc7 Ra7 15.Re1

[Event "AUT_2BO_200607"]
[Site "6 810Zwettl,4 511Bruck/L,2"]
[Date "2007.01.20"]
[Round "6"]
[Board "2"]
[White "Srienz, Christian"]
[Black "Plachetka, Jan"]
[Result "1-0"]
[WhiteElo "2241"]
[BlackElo "2402"]
[PlyCount "145"]
[EventDate "2006.10.06"]
[EventType "team"]
[EventRounds "11"]
[EventCountry "AUT"]
[WhiteTeam "SV Tschaturanga Neubau"]
[BlackTeam "Austria Wien"]

1.c4 g6 2.g3 Bg7 3.Bg2 c5 4.Nc3 Nc6 5.Nf3 e6 6.d4 Nxd4 7.Nxd4 cxd4 8.Nb5 Qb6
9.e3 d5 10.O-O Ne7 11.b3 a6 12.Nxd4 O-O 13.Ba3 Re8 14.Rc1 e5 15.Ne2 dxc4 16.Rxc4
Be6 17.Rb4 Qa5 18.Ra4 Qc7 19.Qd6 Qxd6 20.Bxd6 Rad8 21.Bc5 Bd7 22.Rc4 Bb5 23.Rc2
Rc8 24.Rfc1 Rxc5 25.Rxc5 Bxe2 26.Bxb7 Rd8 27.a4 Rb8 28.Rc7 Bf8 29.b4 Nf5 30.b5
axb5 31.a5 b4 32.a6 Bxa6 33.Bxa6 b3 34.Rb1 e4 35.Bb7 Nd6 36.Rxb3 h5 37.Rb1 Re8
38.Bd5 Re5 39.Rd1 Kg7 40.Rd7 Be7 41.Rd4 f5 42.Bc6 Nf7 43.Ra4 Kf6 44.Bd5 Nd6
45.Rd4 Nb5 46.Ra4 Nd6 47.Ba2 Rc5 48.h4 Rc6 49.Raa7 Nc8 50.Rab7 Rb6 51.Rxb6+ Nxb6
52.Rc7 Na4 53.Rc6+ Kg7 54.f3 exf3 55.Kf2 Nc5 56.Kxf3 Ne4 57.Bd5 Nf6 58.e4 fxe4+
59.Bxe4 Nxe4 60.Kxe4 Bf6 61.Rc7+ Kg8 62.Kd5 Bb2 63.Ke6 Bd4 64.Rc4 Bb2 65.g4 hxg4
66.Rxg4 Kg7 67.h5 g5 68.Kf5 Kh6 69.Rb4 Bg7 70.Kg4 Bf8 71.Rb6+ Kh7 72.Rc6 Ba3
73.h6

[Event "AUT_2BO_200607"]
[Site "6 810Zwettl,4 511Bruck/L,2"]
[Date "2007.01.20"]
[Round "6"]
[Board "3"]
[White "Pokorna, Regina"]
[Black "Kleiser, Gregor"]
[Result "0-1"]
[WhiteElo "2342"]
[BlackElo "2276"]
[PlyCount "114"]
[EventDate "2006.10.06"]
[EventType "team"]
[EventRounds "11"]
[EventCountry "AUT"]
[WhiteTeam "Austria Wien"]
[BlackTeam "SV Tschaturanga Neubau"]

1.e4 c5 2.Nf3 e6 3.d4 cxd4 4.Nxd4 a6 5.Nc3 Qb6 6.Nb3 Qc7 7.Bd3 Nf6 8.O-O d6 9.f4
b5 10.Qf3 Bb7 11.a3 Nbd7 12.Bd2 g6 13.Rae1 Bg7 14.Kh1 O-O 15.Qh3 Nc5 16.Nxc5
dxc5 17.e5 Nd5 18.Ne4 c4 19.Be2 Qe7 20.Bf3 Rfd8 21.Bc1 Rd7 22.f5 gxf5 23.Nf6+
Bxf6 24.exf6 Qxf6 25.Bd2 c3 26.bxc3 Rc8 27.Bh5 Nxc3 28.Bc1 Ne4 29.Re2 Rcd8
30.Be3 Rd1 31.Ree1 Rxe1 32.Rxe1 Qc3 33.Qh4 Qf6 34.Qh3 h6 35.Rf1 Rd7 36.Be2 Kh7
37.Bd3 Qg7 38.Kg1 Nf6 39.Bf4 Be4 40.Be5 Qg6 41.Bf4 Ng4 42.Bxe4 fxe4 43.Qc3 Qg7
44.Qg3 Qd4+ 45.Kh1 Nf2+ 46.Kg1 Nh3+ 47.Kh1 Qc4 48.Re1 Nxf4 49.Qxf4 Qxc2 50.h3 f5
51.Qe5 Qd2 52.Rf1 Qd6 53.Qf6 Qe7 54.Qe5 Qd6 55.Qf6 e3 56.Re1 Rg7 57.Rxe3 Qd2

[Event "AUT_2BO_200607"]
[Site "6 810Zwettl,4 511Bruck/L,2"]
[Date "2007.01.20"]
[Round "6"]
[Board "4"]
[White "Ernst, Michael"]
[Black "Staudner, Oliver"]
[Result "0-1"]
[WhiteElo "2177"]
[BlackElo "2391"]
[PlyCount "120"]
[EventDate "2006.10.06"]
[EventType "team"]
[EventRounds "11"]
[EventCountry "AUT"]
[WhiteTeam "SV Tschaturanga Neubau"]
[BlackTeam "Austria Wien"]

1.d4 e6 2.c4 Nf6 3.Nc3 Bb4 4.Qc2 c5 5.dxc5 O-O 6.a3 Bxc5 7.Nf3 b6 8.Bf4 Nc6
9.Rd1 Ne7 10.e3 Ng6 11.Bd6 Bxd6 12.Rxd6 Qc7 13.Nb5 Qb8 14.Rd1 Bb7 15.Nd6 Bxf3
16.gxf3 Ne8 17.Nxe8 Rxe8 18.Be2 d6 19.Qe4 Qc7 20.O-O Rad8 21.Rd4 f5 22.Qc2 e5
23.Rd2 Nh4 24.Qd3 Kh8 25.Qd5 Rf8 26.Kh1 Rf6 27.Rg1 Rdf8 28.b4 Rh6 29.Rc1 Qe7
30.f4 exf4 31.exf4 Ng6 32.Qf3 Rh4 33.Rd4 Nxf4 34.Rxf4 Rxf4 35.Qxf4 Qxe2 36.Qxd6
Re8 37.Qf4 Qd3 38.c5 bxc5 39.bxc5 h6 40.a4 Re4 41.Qg3 Qd5 42.Qg2 Qc6 43.a5 Kg8
44.h3 Kf7 45.Kg1 a6 46.Qg3 Re6 47.Qb3 Ke7 48.f3 Qc7 49.Qb2 Qg3+ 50.Qg2 Qxg2+
51.Kxg2 Kd7 52.Rb1 Kc6 53.Rb6+ Kd5 54.Kg3 g5 55.f4 Rc6 56.fxg5 hxg5 57.Rb8 Rxc5
58.Rg8 Ke4 59.h4 gxh4+ 60.Kxh4 Rxa5

[Event "AUT_2BO_200607"]
[Site "6 810Zwettl,4 511Bruck/L,2"]
[Date "2007.01.20"]
[Round "6"]
[Board "5"]
[White "Vokroj, Rene"]
[Black "Ponjican, Erich"]
[Result "1-0"]
[WhiteElo "2330"]
[BlackElo "2125"]
[PlyCount "107"]
[EventDate "2006.10.06"]
[EventType "team"]
[EventRounds "11"]
[EventCountry "AUT"]
[WhiteTeam "Austria Wien"]
[BlackTeam "SV Tschaturanga Neubau"]

1.Nf3 Nf6 2.g3 c5 3.Bg2 d5 4.O-O Nc6 5.d3 e5 6.Nbd2 h6 7.e4 d4 8.Nc4 Bd6 9.a4
Be6 10.Qe2 Bc7 11.Nh4 Qd7 12.Nf5 Rh7 13.f4 g6 14.fxe5 Nxe5 15.Nxe5 Bxe5 16.Nxh6
O-O-O 17.Bg5 Rdh8 18.Rxf6 Bxf6 19.Bxf6 Rxh6 20.Bxh8 Rxh8 21.b3 Qd8 22.Rf1 Qg5
23.Rf4 Qe5 24.Qd2 g5 25.Rf2 b6 26.Qe2 Kd7 27.Bf3 Rh6 28.Bg4 Rf6 29.Rxf6 Qxf6
30.Kg2 Kd6 31.Qf3 Qg7 32.Bxe6 fxe6 33.Qg4 Qe5 34.h4 gxh4 35.Qxh4 Qg7 36.Qd8+ Kc6
37.Qa8+ Kd6 38.Qb8+ Kc6 39.Qf4 e5 40.Qh4 Kd7 41.g4 Ke6 42.Qh5 Ke7 43.Kg3 Kd8
44.g5 Ke7 45.Qh6 Qf7 46.g6 Qf1 47.Qh4+ Kd6 48.Qd8+ Ke6 49.Qd5+ Ke7 50.Qxe5+ Kd8
51.g7 Qg1+ 52.Kh4 Qh1+ 53.Kg5 Qg2+ 54.Kh5

[Event "AUT_2BO_200607"]
[Site "6 810Zwettl,4 511Bruck/L,2"]
[Date "2007.01.20"]
[Round "6"]
[Board "1"]
[White "Polak, Thomas"]
[Black "Markos, Jan"]
[Result "1/2-1/2"]
[WhiteElo "2483"]
[BlackElo "2538"]
[PlyCount "49"]
[EventDate "2006.10.06"]
[EventType "team"]
[EventRounds "11"]
[EventCountry "AUT"]
[WhiteTeam "SV Stockerau"]
[BlackTeam "OMV Pamhagen"]

1.d4 Nf6 2.c4 e6 3.Nf3 b6 4.g3 Ba6 5.b3 d5 6.cxd5 exd5 7.Bg2 Bb4+ 8.Bd2 Bd6
9.Nc3 O-O 10.O-O Nbd7 11.Nh4 Re8 12.Nf5 Bb4 13.Re1 Bxc3 14.Bxc3 Ne4 15.Bxe4 Rxe4
16.f3 Re8 17.e4 Qf6 18.Qc2 Nf8 19.Rad1 Ne6 20.e5 Qg6 21.Ne3 Red8 22.Qg2 Bd3
23.Qd2 Ba6 24.Qg2 Bd3 25.Qd2

[Event "AUT_2BO_200607"]
[Site "6 810Zwettl,4 511Bruck/L,2"]
[Date "2007.01.20"]
[Round "6"]
[Board "2"]
[White "Manik, Mikulas"]
[Black "Chytilek, Roman"]
[Result "1-0"]
[WhiteElo "2454"]
[BlackElo "2394"]
[PlyCount "59"]
[EventDate "2006.10.06"]
[EventType "team"]
[EventRounds "11"]
[EventCountry "AUT"]
[WhiteTeam "OMV Pamhagen"]
[BlackTeam "SV Stockerau"]

1.e4 g6 2.d4 Bg7 3.Nc3 d6 4.f4 a6 5.Nf3 b5 6.Bd3 e6 7.Qe2 Ne7 8.e5 Bb7 9.Bd2 Nd7
10.a4 b4 11.Ne4 Bxe4 12.Bxe4 d5 13.Bd3 a5 14.O-O c5 15.dxc5 Nxc5 16.Bb5+ Kf8
17.Be3 Qc7 18.c4 bxc3 19.Rac1 Ne4 20.bxc3 Kg8 21.c4 Qd8 22.Rfd1 Bf8 23.cxd5 exd5
24.Nd4 Rc8 25.Nc6 Nxc6 26.Bxc6 Bb4 27.Rxd5 Qf8 28.Qd3 Ba3 29.Rc4 f5 30.Rd7

[Event "AUT_2BO_200607"]
[Site "6 810Zwettl,4 511Bruck/L,2"]
[Date "2007.01.20"]
[Round "6"]
[Board "3"]
[White "Groetz, Harald"]
[Black "Alvir, Aco"]
[Result "1/2-1/2"]
[WhiteElo "2399"]
[BlackElo "2370"]
[PlyCount "93"]
[EventDate "2006.10.06"]
[EventType "team"]
[EventRounds "11"]
[EventCountry "AUT"]
[WhiteTeam "SV Stockerau"]
[BlackTeam "OMV Pamhagen"]

1.e4 e5 2.Nf3 Nf6 3.Nxe5 d6 4.Nf3 Nxe4 5.d4 d5 6.Bd3 Nc6 7.O-O Bg4 8.c4 Nf6
9.Nc3 dxc4 10.Bxc4 Be7 11.Bf4 O-O 12.d5 Na5 13.Be2 Bd6 14.Bg5 Bxf3 15.Bxf3 Nc4
16.Be2 Ne5 17.f4 Ned7 18.Bg4 h6 19.Bh4 Bc5+ 20.Kh1 Be7 21.Bf3 Ne8 22.Bf2 Nd6
23.Ne4 Re8 24.Qd3 Nxe4 25.Bxe4 Bc5 26.Bf3 Bxf2 27.Rxf2 Nf6 28.d6 cxd6 29.Rd2 d5
30.Rad1 Qa5 31.a3 Ne4 32.Re2 Rad8 33.Qd4 Nf6 34.Re5 b6 35.h3 Qb5 36.b4 Qc4
37.Rxe8+ Rxe8 38.Bxd5 Qxd5 39.Qxd5 Nxd5 40.Rxd5 Re3 41.Rd8+ Kh7 42.Rd7 Rxa3
43.Rxf7 Kg6 44.Rf8 a5 45.Rb8 Kf5 46.Rxb6 Kxf4 47.bxa5

[Event "AUT_2BO_200607"]
[Site "6 810Zwettl,4 511Bruck/L,2"]
[Date "2007.01.20"]
[Round "6"]
[Board "4"]
[White "Lipka, Juraj"]
[Black "Batyte, Daiva"]
[Result "1-0"]
[WhiteElo "2418"]
[BlackElo "2209"]
[PlyCount "81"]
[EventDate "2006.10.06"]
[EventType "team"]
[EventRounds "11"]
[EventCountry "AUT"]
[WhiteTeam "OMV Pamhagen"]
[BlackTeam "SV Stockerau"]

1.Nf3 b6 2.g3 Bb7 3.Bg2 e5 4.O-O e4 5.Nd4 c5 6.Nb3 Nf6 7.d3 d5 8.dxe4 Nxe4 9.c4
a5 10.N3d2 Nf6 11.Nc3 Qd7 12.cxd5 Nxd5 13.Nxd5 Bxd5 14.Ne4 Be7 15.Nxc5 bxc5
16.Qxd5 Ra6 17.Bf4 Qxd5 18.Bxd5 O-O 19.Rfd1 a4 20.Rac1 Rb6 21.Be5 Na6 22.Bc4 Nb8
23.Bd5 Na6 24.a3 Re8 25.Rc4 Kf8 26.Rxa4 Bg5 27.f4 Bd8 28.Bc4 Nb8 29.Bd6+ Be7
30.Bxe7+ Rxe7 31.Rd8+ Re8 32.Rxe8+ Kxe8 33.b4 Nd7 34.bxc5 Nxc5 35.Ra7 Nb7 36.Bd5
Nd8 37.a4 Rd6 38.e4 Rd7 39.Rxd7 Kxd7 40.e5 f6 41.a5

[Event "AUT_2BO_200607"]
[Site "6 810Zwettl,4 511Bruck/L,2"]
[Date "2007.01.20"]
[Round "6"]
[Board "5"]
[White "Wiedermann, Franz"]
[Black "Kuthan, Andreas"]
[Result "0-1"]
[WhiteElo "2119"]
[BlackElo "2221"]
[PlyCount "38"]
[EventDate "2006.10.06"]
[EventType "team"]
[EventRounds "11"]
[EventCountry "AUT"]
[WhiteTeam "SV Stockerau"]
[BlackTeam "OMV Pamhagen"]

1.d4 Nf6 2.Nf3 g6 3.c4 Bg7 4.Nc3 O-O 5.e4 d6 6.Be2 e5 7.d5 a5 8.Bg5 h6 9.Bh4 Na6
10.Nd2 Qe8 11.a3 Bd7 12.b3 Nh7 13.O-O h5 14.f3 Bh6 15.Bf2 Qe7 16.Kh1 h4 17.Rg1
Nf6 18.Bxh4 Nxe4 19.Bxe7 Nf2#

[Event "AUT_2BO_200607"]
[Site "6 810Zwettl,4 511Bruck/L,2"]
[Date "2007.01.20"]
[Round "6"]
[Board "6"]
[White "Froschauer, Hans"]
[Black "Schmid, Thomas"]
[Result "1/2-1/2"]
[WhiteElo "2180"]
[BlackElo "2170"]
[PlyCount "43"]
[EventDate "2006.10.06"]
[EventType "team"]
[EventRounds "11"]
[EventCountry "AUT"]
[WhiteTeam "OMV Pamhagen"]
[BlackTeam "SV Stockerau"]

1.e4 c5 2.Nf3 d6 3.d4 cxd4 4.Nxd4 Nf6 5.Nc3 e6 6.Be3 a6 7.a4 Nc6 8.Be2 Be7 9.O-O
O-O 10.Nb3 b6 11.f4 Qc7 12.Bf3 Rb8 13.Qe2 Na5 14.Nd2 Bb7 15.Kh1 d5 16.exd5 Nxd5
17.Nxd5 exd5 18.c3 Rfe8 19.Qd3 Nc4 20.Nxc4 dxc4 21.Qc2 Bf6 22.Bxb7

[Event "AUT_2BO_200607"]
[Site "6 810Zwettl,4 511Bruck/L,2"]
[Date "2007.01.21"]
[Round "7"]
[Board "1"]
[White "Markos, Jan"]
[Black "Papp, Gabor"]
[Result "1-0"]
[WhiteElo "2538"]
[BlackElo "2466"]
[PlyCount "85"]
[EventDate "2006.10.06"]
[EventType "team"]
[EventRounds "11"]
[EventCountry "AUT"]
[WhiteTeam "OMV Pamhagen"]
[BlackTeam "ASVOe SK Mattersburg"]

1.d4 d6 2.Nf3 Nf6 3.c4 g6 4.Nc3 Bf5 5.g3 Ne4 6.Qb3 Qc8 7.Nh4 Nxc3 8.bxc3 Be6
9.Ng2 Bh3 10.e4 c5 11.Be3 Bg7 12.Nf4 Bxf1 13.Kxf1 cxd4 14.cxd4 Nc6 15.Rd1 O-O
16.Kg2 Na5 17.Nd5 Re8 18.Qb4 Nxc4 19.Bg5 Qg4 20.Bf4 Rac8 21.Qxb7 e5 22.h3 Qe6
23.dxe5 dxe5 24.Bg5 f6 25.Be3 f5 26.Bg5 Kh8 27.Ne7 Rb8 28.exf5 Qxf5 29.Nxf5 Rxb7
30.Nd6 Nxd6 31.Rxd6 Rb2 32.Rc1 e4 33.Rd7 Be5 34.Rc4 Rf8 35.Be3 Rxa2 36.Rxe4 Bf6
37.Re6 Kg8 38.Bc5 Rc8 39.Bxa7 Rd8 40.Rb7 Rb2 41.Rc7 Rf8 42.Bc5 Rf7 43.Rxf7

[Event "AUT_2BO_200607"]
[Site "6 810Zwettl,4 511Bruck/L,2"]
[Date "2007.01.21"]
[Round "7"]
[Board "2"]
[White "Petrik, Tomas"]
[Black "Manik, Mikulas"]
[Result "0-1"]
[WhiteElo "2544"]
[BlackElo "2454"]
[PlyCount "80"]
[EventDate "2006.10.06"]
[EventType "team"]
[EventRounds "11"]
[EventCountry "AUT"]
[WhiteTeam "ASVOe SK Mattersburg"]
[BlackTeam "OMV Pamhagen"]

1.e4 c5 2.Nf3 Nc6 3.d4 cxd4 4.Nxd4 Nf6 5.Nc3 d6 6.Bg5 e6 7.Qd2 a6 8.O-O-O Nxd4
9.Qxd4 Be7 10.f4 b5 11.Bxf6 gxf6 12.e5 d5 13.Kb1 Bd7 14.f5 fxe5 15.Qxe5 Bf6
16.Qg3 Qb8 17.fxe6 fxe6 18.Qh3 Qc7 19.Qh5+ Ke7 20.Nxd5+ exd5 21.Bd3 Qd6 22.a3
Rae8 23.Bxh7 Bc6 24.Rhf1 Kd8 25.Qf7 Be7 26.Rfe1 Ref8 27.Qg7 Qf6 28.Qg3 Rxh7
29.Qb8+ Kd7 30.Qa7+ Kc8 31.Rd3 d4 32.Qxa6+ Bb7 33.Qxb5 Qc6 34.Qe5 Bc5 35.Rb3 Re7
36.Qg3 Rxe1+ 37.Qxe1 Qxg2 38.Qe6+ Kd8 39.c4 Qe4+ 40.Qxe4 Bxe4+

[Event "AUT_2BO_200607"]
[Site "6 810Zwettl,4 511Bruck/L,2"]
[Date "2007.01.21"]
[Round "7"]
[Board "3"]
[White "Alvir, Aco"]
[Black "Petran, Peter"]
[Result "1/2-1/2"]
[WhiteElo "2370"]
[BlackElo "2320"]
[PlyCount "93"]
[EventDate "2006.10.06"]
[EventType "team"]
[EventRounds "11"]
[EventCountry "AUT"]
[WhiteTeam "OMV Pamhagen"]
[BlackTeam "ASVOe SK Mattersburg"]

1.e4 c6 2.d4 d5 3.Nd2 dxe4 4.Nxe4 Nf6 5.Nxf6+ gxf6 6.c3 Bf5 7.Nf3 e6 8.g3 Bd6
9.Bg2 Nd7 10.O-O Qc7 11.Nh4 Bg6 12.b4 a5 13.Bh6 axb4 14.c4 c5 15.dxc5 Be5 16.Rc1
Nxc5 17.Qd2 Bc3 18.Rxc3 bxc3 19.Qxc3 Nd7 20.Qb3 Ke7 21.Be3 Rhd8 22.Qb4+ Ke8
23.Nxg6 hxg6 24.c5 Rdb8 25.Rd1 Ne5 26.Qf4 Qe7 27.Rb1 Kf8 28.h4 Kg8 29.a4 Nc6
30.Qc4 Rd8 31.Qb5 Rd7 32.Bxc6 bxc6 33.Qxc6 Rda7 34.Rb4 Qd8 35.Rd4 Qb8 36.Qf3 f5
37.Qd1 e5 38.Rd6 f4 39.gxf4 exf4 40.Bd4 Rxa4 41.Be5 Qc8 42.c6 Kh7 43.Rf6 R4a7
44.h5 Re7 45.hxg6+ fxg6 46.Bxf4 Qe8 47.Qd3

[Event "AUT_2BO_200607"]
[Site "6 810Zwettl,4 511Bruck/L,2"]
[Date "2007.01.21"]
[Round "7"]
[Board "4"]
[White "Brod, Manfred"]
[Black "Lipka, Juraj"]
[Result "1/2-1/2"]
[WhiteElo "2258"]
[BlackElo "2418"]
[PlyCount "32"]
[EventDate "2006.10.06"]
[EventType "team"]
[EventRounds "11"]
[EventCountry "AUT"]
[WhiteTeam "ASVOe SK Mattersburg"]
[BlackTeam "OMV Pamhagen"]

1.e4 e5 2.Nf3 Nc6 3.d4 exd4 4.Nxd4 Nf6 5.Nxc6 bxc6 6.Bd3 d5 7.exd5 cxd5 8.O-O
Be7 9.Nc3 O-O 10.Bg5 c6 11.Qf3 h6 12.Bf4 Bd6 13.h3 Rb8 14.b3 Rb4 15.Ne2 Bxf4
16.a3 Rb6

[Event "AUT_2BO_200607"]
[Site "6 810Zwettl,4 511Bruck/L,2"]
[Date "2007.01.21"]
[Round "7"]
[Board "5"]
[White "Kuthan, Andreas"]
[Black "Riedner, Martin"]
[Result "1/2-1/2"]
[WhiteElo "2221"]
[BlackElo "2175"]
[PlyCount "31"]
[EventDate "2006.10.06"]
[EventType "team"]
[EventRounds "11"]
[EventCountry "AUT"]
[WhiteTeam "OMV Pamhagen"]
[BlackTeam "ASVOe SK Mattersburg"]

1.d4 Nf6 2.c4 c5 3.d5 b5 4.Nf3 Bb7 5.Nbd2 bxc4 6.e4 e6 7.Bxc4 exd5 8.exd5 d6
9.O-O Be7 10.Re1 O-O 11.Nf1 Nbd7 12.Ne3 g6 13.b3 Ne5 14.Nxe5 dxe5 15.Bb2 Bd6
16.Bb5

[Event "AUT_2BO_200607"]
[Site "6 810Zwettl,4 511Bruck/L,2"]
[Date "2007.01.21"]
[Round "7"]
[Board "6"]
[White "Salamon, Werner"]
[Black "Bozinovic, Boban"]
[Result "1/2-1/2"]
[WhiteElo "2176"]
[BlackElo "2144"]
[PlyCount "42"]
[EventDate "2006.10.06"]
[EventType "team"]
[EventRounds "11"]
[EventCountry "AUT"]
[WhiteTeam "ASVOe SK Mattersburg"]
[BlackTeam "OMV Pamhagen"]

1.e4 c5 2.Nf3 d6 3.d4 cxd4 4.Nxd4 Nf6 5.Nc3 g6 6.Be2 Bg7 7.Be3 O-O 8.O-O Nc6
9.f4 Nxd4 10.Bxd4 Be6 11.Kh1 Qa5 12.Bf3 Rac8 13.Re1 Rfd8 14.Qd2 Rc4 15.Rad1 Rdc8
16.Qf2 Ng4 17.Qg1 Bxd4 18.Rxd4 Qb6 19.Rd2 Qxb2 20.Nd1 Qxa2 21.Bxg4 Bxg4

[Event "AUT_2BO_200607"]
[Site "6 810Zwettl,4 511Bruck/L,2"]
[Date "2007.01.21"]
[Round "7"]
[Board "1"]
[White "Beim, Valeri"]
[Black "Polak, Thomas"]
[Result "1/2-1/2"]
[WhiteElo "2514"]
[BlackElo "2483"]
[PlyCount "41"]
[EventDate "2006.10.06"]
[EventType "team"]
[EventRounds "11"]
[EventCountry "AUT"]
[WhiteTeam "SV Tschaturanga Neubau"]
[BlackTeam "SV Stockerau"]

1.Nf3 Nf6 2.c4 e6 3.d4 b6 4.a3 c6 5.Bg5 Be7 6.Nc3 d5 7.e3 Bb7 8.Rc1 O-O 9.Bd3
Nbd7 10.O-O Rc8 11.Qe2 c5 12.Rfd1 cxd4 13.Nxd4 Ne5 14.Bxf6 Bxf6 15.cxd5 Nxd3
16.Qxd3 Bxd5 17.Ndb5 Bb3 18.Qxd8 Rfxd8 19.Rxd8+ Rxd8 20.Nxa7 h6 21.h3